00466nam a2200145Ia 450000500170000000800410001710000230005824500490008126000260013030000110015665000170016794200070018499900150019195201140020620260328101530.0260328s9999||||xx |||||||||||||| ||und|| aGordon, Douglas E. 0aHow Architecture Works /cDouglas E. Gordon bVan Nostrand Reinhold a187 p. aARQUITECTURA cBK c9941d9941 001040708GENaGPCbGPCcGENd2026-03-28i3786l0o720 G 6621p3786r2026-03-28 15:15:30t1w2026-03-28yBK